000 00452nam a2200193Ia 4500
005 20240823012807.0
008 240823s9999||||xx |||||||||||||| ||und||
020 _a0-03-042651-0
041 _aENGLISH
082 _A512.9 M3
100 _aGroza
245 0 _aModern Elementary Algebra
250 _a4th
260 _c1983
_b"Saunders College Pub.,America"
500 _aYES
650 _aAlgebra
_bMathematics
942 _cBK
999 _c165420
_d165420